000 00599nam a2200181Ia 4500
003 GCL
008 140319s9999 xx 000 0 ara d
040 _aGCL /
_cGCL
082 0 4 _a257.2
_bم م
100 1 _aمحمد بن عبدالله بن ابراهيم
245 1 0 _aمالية الدوله على ضوء الشريعة الاسلامية /
_cمحمد بن عبدالله بن ابراهيم
300 _a424 ص
490 _aكتاب
_v0
650 0 4 _aالاسلام
650 0 4 _aالنظام المالى فى الاسلام
650 0 4 _aالمالية العامة
942 _2ddc
_cBK
999 _c41537
_d41537